| 000 | 00777nam a2200265Ia 4500 | ||
|---|---|---|---|
| 005 | 20260429112202.0 | ||
| 008 | 260429s9999||||xx |||||||||||||| ||und|| | ||
| 020 | _a9789819923090 | ||
| 041 | _aEnglish | ||
| 082 |
_a512.55 _bBAP |
||
| 100 | _aBapat, Ravindra B. | ||
| 245 | 0 |
_aApplied linear algebra, probability and statistics : _ba volume in honour of C. R. Rao and Arbind K. Lal / _cRavindra B. Bapat |
|
| 250 | _a1st ed. | ||
| 260 |
_aSingapore : _bSpringer, _c2023. |
||
| 300 | _axxvii, 525 p.; hb | ||
| 650 | _a Probability | ||
| 650 | _a Statistics | ||
| 650 | _aAlgebra | ||
| 700 | _a Karantha, Manjunatha Prasad | ||
| 700 | _a Kirkland, Stephen J. | ||
| 700 | _a Pati, Sukanta | ||
| 700 | _a Puntanen | ||
| 700 | _a Samir Kumar Neogy | ||
| 942 | _cTB | ||
| 999 |
_c52781 _d52781 |
||